00615nam a2200217 4500003000900000005001700009008004100026040002300067050002000090100004400110245006800154250000600222264002900228300001800257336002200275337002400297338002400321650002000345942001500365999001700380MX-MxINE20260530115314.0260421b1956 xxua|||| |||| 00| 0 eng d aICIbspacICIerda aNC997bH67 1956 1aHornung, Clarence Pearsoneautor933341 aHandbook of early advertising art, mainly from american sources a3 1aNew York b Doverc 1956 a248 páginas 2rdacontentatexto 2rdamediaasin medio 2rdacarrieravolumen 4a Arte comercial 2ddcn0cBK c13513d13513